[Event "Quebec op U1700"]
[Site "Montreal"]
[Date "2016.07.28"]
[Round "7.23"]
[White "Bond, Yvon"]
[Black "Page, Dany"]
[Result "0-1"]
[WhiteElo "1343"]
[BlackElo "1291"]
[PlyCount "144"]
[EventDate "2016.07.23"]
[EventType "swiss"]
[EventRounds "8"]
[EventCountry "CAN"]
[SourceTitle "EXT 2022"]
[Source "ChessBase"]
[SourceDate "2021.10.06"]
[SourceVersion "1"]
[SourceVersionDate "2021.10.06"]
[SourceQuality "1"]

1. d4 Nf6 2. Nf3 g6 3. Nbd2 Bg7 4. e4 d6 5. Bd3 0-0 6. 0-0 Nbd7 7. Re1 Nb6 8. b3 c5 9. Bb2 cxd4 10. Bxd4 Bg4 11. Rc1 d5 12. e5 Nfd7 13. h3 Bxf3 14. Nxf3 e6 15. Qe2 Rc8 16. c4 dxc4 17. bxc4 Nc5 18. Bb1 Nbd7 19. Red1 Qc7 20. Re1 b6 21. Nd2 Nb7 22. Nb3 Nbc5 23. Qe3 Rfd8 24. f4 Bh6 25. Rf1 Nf8 26. Nxc5 bxc5 27. Bc3 Rd7 28. Qe1 Qd8 29. Bc2 Qe7 30. Qf2 Rb7 31. Rcd1 Rd7 32. Rb1 Bg7 33. Rb3 Rb7 34. Ra3 Rcb8 35. Ra5 Rc8 36. Rd1 Nd7 37. Rd6 Bf8 38. Be4 Rbc7 39. Rda6 Nb6 40. Qe2 Rd8 41. Bc2 Qd7 42. Rb5 Rb7 43. Rb1 Qe7 44. Ba5 Qc7 45. Bc3 Qd7 46. Ra3 Rdb8 47. Be4 Rc7 48. Rab3 Rcc8 49. Qf3 Qa4 50. Qe2 Qd7 51. Bc2 Qe8 52. Rb5 Nd7 53. a4 Rxb5 54. axb5 Nb6 55. Ra1 Qd7 56. Rd1 Qc7 57. Ra1 Rd8 58. Be4 Qe7 59. Ra3 Qc7 60. Ra1 Rd7 61. Bc2 Rd8 62. Ba5 Rd4 63. Bxb6 Qxb6 64. Qf1 Bg7 65. Ra6 Qb7 66. Rc6 Qd7 67. Rxc5 Bf8 68. Rc6 Rd2 69. Bb3 Qd4+ 70. Kh1 Rf2 71. Qg1 Qxf4 72. g3 Qf3+ 0-1

[Event "Quebec op U1700"]
[Site "Montreal"]
[Date "2016.07.27"]
[Round "6.70"]
[White "Chang, Alexander Rz"]
[Black "Bond, Yvon"]
[Result "1-0"]
[WhiteElo "1396"]
[BlackElo "1343"]
[PlyCount "73"]
[EventDate "2016.07.23"]
[EventType "swiss"]
[EventRounds "8"]
[EventCountry "CAN"]
[SourceTitle "EXT 2022"]
[Source "ChessBase"]
[SourceDate "2021.10.06"]
[SourceVersion "1"]
[SourceVersionDate "2021.10.06"]
[SourceQuality "1"]

1. e4 d6 2. Nf3 Nf6 3. Nc3 e5 4. Bc4 Bg4 5. 0-0 Be7 6. Be2 Nc6 7. d3 0-0 8. Be3 Qd7 9. Nd2 Be6 10. f4 exf4 11. Bxf4 Nd4 12. Be3 Nxe2+ 13. Nxe2 Ng4 14. Bd4 c5 15. Bf2 Nxf2 16. Rxf2 f6 17. Nf4 Bf7 18. Nf1 Bd8 19. Ne3 Rc8 20. c4 b5 21. b3 Ba5 22. Rc1 a6 23. Nf5 Be6 24. Nxe6 Qxe6 25. Qg4 Kf7 26. Qxg7+ Ke8 27. Qxh7 Rc7 28. Ng7+ Rxg7 29. Qxg7 Bd8 30. Qb7 Rh8 31. Rf5 Qg8 32. Qc6+ Ke7 33. Rcf1 Rh6 34. e5 dxe5 35. Rxe5+ Kf7 36. Qe6+ Kg7 37. Qxg8+ 1-0

[Event "Quebec op U1700"]
[Site "Montreal"]
[Date "2016.07.25"]
[Round "4.71"]
[White "Bond, Yvon"]
[Black "Burnuk, Arno"]
[Result "1/2-1/2"]
[WhiteElo "1343"]
[BlackElo "1378"]
[PlyCount "48"]
[EventDate "2016.07.23"]
[EventType "swiss"]
[EventRounds "8"]
[EventCountry "CAN"]
[SourceTitle "EXT 2022"]
[Source "ChessBase"]
[SourceDate "2021.10.06"]
[SourceVersion "1"]
[SourceVersionDate "2021.10.06"]
[SourceQuality "1"]

1. d4 d5 2. Nf3 Nf6 3. e3 e6 4. Bd3 Bd6 5. 0-0 Nc6 6. c3 0-0 7. Nbd2 Bd7 8. Re1 Qe7 9. e4 dxe4 10. Nxe4 Nxe4 11. Bxe4 h6 12. Qc2 Qf6 13. Be3 Rfe8 14. Re2 e5 15. Rae1 exd4 16. Nxd4 Bxh2+ 17. Kh1 Bd6 18. Nf3 Ne5 19. Bd4 Kh8 20. Nxe5 Bxe5 21. Bxe5 Rxe5 22. Bf3 Rae8 23. Rxe5 Rxe5 24. Rxe5 Qxe5 1/2-1/2

[Event "Montreal Juste pour jouer"]
[Site "Montreal"]
[Date "2012.10.06"]
[Round "2"]
[White "Jacques, Simon"]
[Black "Bond, Yvon"]
[Result "1-0"]
[WhiteElo "1000"]
[BlackElo "1428"]
[PlyCount "73"]
[EventDate "2012.10.05"]
[EventType "swiss"]
[EventRounds "7"]
[EventCountry "CAN"]
[SourceTitle "EXT 2022"]
[Source "ChessBase"]
[SourceDate "2021.10.06"]
[SourceVersion "1"]
[SourceVersionDate "2021.10.06"]
[SourceQuality "1"]

1. e4 e5 2. f4 exf4 3. Nf3 d6 4. Bc4 Be6 5. Bxe6 fxe6 6. d4 Nf6 7. Nc3 Nbd7 8. Bxf4 Be7 9. Ng5 Nf8 10. e5 dxe5 11. Bxe5 Qd7 12. Qe2 c6 13. 0-0 0-0-0 14. Nf7 Ng6 15. Nxh8 Rxh8 16. Rad1 Bd8 17. Na4 Nxe5 18. dxe5 Nd5 19. c4 b5 20. cxd5 cxd5 21. Nc5 Bb6 22. Kh1 Qe8 23. Rc1 Kb8 24. Qg4 Bxc5 25. Rxc5 Qd7 26. Rfc1 Rf8 27. Qb4 a6 28. Rxb5+ axb5 29. Qxf8+ Kb7 30. Qd6 Qf7 31. Qc6+ Ka7 32. Qc7+ Qxc7 33. Rxc7+ Kb6 34. Rxg7 Kc5 35. Re7 d4 36. Rxe6 Kd5 37. Re8 1-0